000 02001nam a2200553 i 4500
001 52334
003 KOSZ 005
005 20240405063201.0
008 060829s2006 pl a f |000 0 pol
015 _aUWD 2007/14673
020 _a837241551X
020 _a9788372415516
035 _a991031437239705066
035 _a(PL-WaBN)b18463976-48omnis_nlop
035 _ab18463976
035 _a(OCoLC)749658299
035 _a(PL)b0000001846397
035 _a(EXLNZ-48OMNIS_NETWORK)9910041741505606
040 _aWA N
_cWA N
_dKOSZ 005/HR
041 0 _apol
_beng
046 _k2006
080 _a656.01(438)"1989/..."
100 1 _aDownar, Wojciech
_eAutor
245 1 0 _aSystem transportowy :
_bkształtowanie wartości dla interesariusza /
_cWojciech Downar.
260 _aSzczecin :
_bWydawnictwo Naukowe Uniwersytetu Szczecińskiego,
_c2006.
300 _a316 s. :
_bil. ;
_c24 cm.
336 _aTekst
_btxt
_2rdacontent
337 _aBez urządzenia pośredniczącego
_bn
_2rdamedia
338 _aWolumin
_bnc
_2rdacarrier
380 _aKsiążki
380 _aPublikacje naukowe
388 _a2001-
490 1 _aRozprawy i Studia / Uniwersytet Szczeciński,
_x0860-2751 ;
_vt. (698) 624
500 _aNa s. tyt. także t. 698 oznaczający numer kolejny serii Rozprawy i Studia do nr 74 wydawanej przez Wyższą Szkołę Pedagogiczną w Szczecinie.
504 _aBibliogr. s. 293-307.
546 _aStreszcz. ang.
648 _a1901-2000
648 _a1989-2000
648 _a2001-
650 7 _aTransport
_2DBN
650 7 _aOrganizacja
651 7 _aPolska
658 _aTransport i logistyka
710 2 _aWydawnictwo Naukowe Uniwersytetu Szczecińskiego
_4pbl
830 0 _aRozprawy i Studia - Uniwersytet Szczeciński
_vt. 624
856 _uhttp://koha.tu.koszalin.pl/cgi-bin/koha/opac-detail.pl?biblionumber=52334
_yKatalog online BPK
942 _2UKD
_cKS
999 _c52334
_d52334